| 000 | 01137nam a22003497a 4500 | ||
|---|---|---|---|
| 001 | 000096270 | ||
| 003 | CHAP | ||
| 005 | 20220817044125.0 | ||
| 008 | 060914d2005 it rn 00110 eng d | ||
| 010 | _a92736 | ||
| 011 | _a93708 | ||
| 020 | _a9251054045 | ||
| 035 | _a104288 | ||
| 040 | _cCHAP | ||
| 082 | 0 | 4 |
_a639.2 _bF46y v.786 |
| 110 | 2 | _aFAO | |
| 245 | 1 | 0 |
_aReport of the FAO regional workshop on the elaboration of national plans of action to prevent, deter and eliminate illegal, unreported and unregulated fishing-pacific islands subregion : _bNadi, Fiji, 29 audust-2 september 2005 / _c/by FAO. |
| 260 |
_aRome : _bFAO, _c2005. |
||
| 300 | _a74 p. | ||
| 490 | 0 |
_aFAO. Informe de pesca _v; 786 |
|
| 590 |
_aBATCH-UPD _b10 _c20130110 _lUCH01 _h1045 |
||
| 590 |
_aCONVERSION _b10 _c20130109 _lUCH01 _h1351 |
||
| 590 |
_aE5995AHE _b05 _c20150519 _lUCH01 _h0915 |
||
| 650 | 1 | 4 | _aPesca. |
| 650 | 1 | 4 |
_aPesca _xLeyes. _987396 |
| 830 | 0 |
_aFAO. Informe de pesca _v; 786 _939587 |
|
| 901 | _aBK | ||
| 905 | _aLilia | ||
| 942 | _cLIBRO | ||
| 942 | _n0 | ||
| 949 |
_a639.3 F39 v.786 _bBC _cFAO _d33724000994083 _eFAO1 _h108231 _i104288 _sb |
||
| 999 |
_c92736 _d92736 |
||